00230pam a2200097 a 4500020000500000041000500005082001300010245005300023260004000076300001600116 c h a708bDAM aDrawing lines by minal damanihTextual Documents a[s.l]:bVadhera Art Gallery,c2008. a55:bpaper.